| 000 | 00496nam a2200169Ia 4500 | ||
|---|---|---|---|
| 001 | 39567 | ||
| 008 | 140423s9999 xx 000 0 und d | ||
| 020 | _a1416502963 | ||
| 040 | _cPK-LaUMT | ||
| 082 |
_a 658.409 _bBUC-O |
||
| 100 | _aBuckingham, Marcus | ||
| 245 | 4 |
_aThe one thing you need to know _babout great managing, great leading, and sustained individual success _cBuckingham, Marcus |
|
| 260 |
_aLondon,UK: _bSimon & Schuster, _c2006 |
||
| 300 | _a289 p. | ||
| 546 | _aEN | ||
| 942 | _cBK | ||
| 999 |
_c38874 _d38874 |
||